[Event "Pasto Futuros Maestros-A"]
[Site "Pasto"]
[Date "2023.01.15"]
[Round "6"]
[White "Cajamarca Gordillo, Sebastian Alejandro"]
[Black "Barreiro Jurado, Frank"]
[Result "1-0"]
[WhiteElo "1527"]
[BlackElo "1992"]
[PlyCount "137"]
[EventDate "2023.01.13"]
[EventType "tourn"]
[EventRounds "7"]
[EventCountry "COL"]
[SourceTitle "CBM 212 Extra"]
[Source "ChessBase"]
[SourceDate "2023.03.31"]
[SourceVersion "1"]
[SourceVersionDate "2023.03.31"]
[SourceQuality "1"]

1. d4 Nf6 2. c4 g6 3. Nc3 Bg7 4. e4 d6 5. Be2 0-0 6. Be3 e5 7. d5 a5 8. g4 c6 9. h4 cxd5 10. cxd5 Na6 11. h5 Nc5 12. f3 a4 13. h6 Bh8 14. Bxc5 dxc5 15. Nxa4 Bd7 16. Nc3 Qa5 17. Qd2 b5 18. Nh3 b4 19. Nd1 Bb5 20. Ne3 Rfc8 21. b3 Ne8 22. Bxb5 Qxb5 23. Nc4 Bf6 24. Nf2 Rd8 25. Nd3 Nd6 26. Nxd6 Rxd6 27. Nb2 Rda6 28. Nc4 Qd7 29. Rh2 Qd8 30. Qf2 Rc8 31. Qe2 Rca8 32. Qf2 Rc8 33. Qe2 Ra7 34. Rd1 Bh4+ 35. Kf1 Rca8 36. Rd2 Bg3 37. Rg2 Qh4 38. Kg1 Bf4 39. Rc2 Qxh6 40. Qf2 Ra5 41. Kf1 Qh1+ 42. Rg1 Qh3+ 43. Qg2 Qh6 44. Nxa5 Rxa5 45. Rh1 Qf8 46. Qf2 h6 47. Kg2 Kg7 48. Rd1 Qd6 49. Re1 Qa6 50. Ree2 Qd3 51. Qf1 Be3 52. Rf2 Qd4 53. Rc4 Bxf2 54. Rxd4 Bxd4 55. Qe2 Kf6 56. Kf1 h5 57. gxh5 gxh5 58. Kg2 Kg5 59. Kh3 Kf4 60. Kg2 Ra8 61. d6 Rg8+ 62. Kh2 Bg1+ 63. Kh3 Bd4 64. d7 c4 65. bxc4 Rd8 66. Qh2+ Kxf3 67. Qg2+ Kf4 68. Qg3+ Kxe4 69. Qh4+ 1-0

[Event "Cali Masificacion op U2050"]
[Site "Cali"]
[Date "2021.12.28"]
[Round "5"]
[White "Barreiro Acosta, Frank"]
[Black "Barreiro Jurado, Frank"]
[Result "0-1"]
[WhiteElo "1748"]
[BlackElo "2040"]
[PlyCount "34"]
[EventDate "2021.12.26"]
[EventType "swiss"]
[EventRounds "7"]
[EventCountry "COL"]
[SourceTitle "CBM 205 Extra"]
[Source "ChessBase"]
[SourceDate "2022.01.31"]
[SourceVersion "1"]
[SourceVersionDate "2022.01.31"]
[SourceQuality "1"]

1. e4 e5 2. Nf3 Nc6 3. Bb5 a6 4. Bxc6 dxc6 5. d4 exd4 6. Qxd4 Qxd4 7. Nxd4 Bd7 8. Nc3 Bd6 9. Be3 Ne7 10. 0-0-0 0-0-0 11. h4 f6 12. h5 h6 13. g3 Rhe8 14. Rh4 f5 15. exf5 Bxf5 16. Nxf5 Nxf5 17. Re4 Nxe3 0-1

[Event "Pasto Narino op"]
[Site "Pasto"]
[Date "2021.10.16"]
[Round "2"]
[White "Tovar Klinger, Cristian Jesus"]
[Black "Barreiro Jurado, Frank"]
[Result "0-1"]
[WhiteElo "1642"]
[BlackElo "2025"]
[PlyCount "68"]
[EventDate "2021.10.16"]
[EventType "swiss"]
[EventRounds "6"]
[EventCountry "COL"]
[SourceTitle "CBM 204 Extra"]
[Source "ChessBase"]
[SourceDate "2021.11.30"]
[SourceVersion "1"]
[SourceVersionDate "2021.11.30"]
[SourceQuality "1"]

1. b3 Nf6 2. Bb2 g6 3. e3 Bg7 4. d4 d5 5. Nf3 0-0 6. Bd3 c5 7. c3 Nc6 8. 0-0 Bg4 9. h3 Bxf3 10. Qxf3 a5 11. Ba3 Nxd4 12. exd4 a4 13. bxa4 Rxa4 14. Bb5 Ra8 15. Bc6 bxc6 16. Bxc5 Re8 17. Nd2 Nd7 18. Nb3 e5 19. Rfe1 Nxc5 20. Nxc5 exd4 21. Rxe8+ Qxe8 22. a4 dxc3 23. Qd3 Qe7 24. Nb3 Qb4 25. Rb1 Qxa4 26. Ra1 Qxa1+ 27. Nxa1 Rxa1+ 28. Kh2 h5 29. Qc2 d4 30. g4 h4 31. Kg2 c5 32. Qe4 c4 33. Qe8+ Bf8 34. Qc6 c2 0-1

[Event "Pasto Preseleccion Narino"]
[Site "Pasto"]
[Date "2017.11.12"]
[Round "3.3"]
[White "Barreiro Jurado, Frank"]
[Black "Solarte Insuasty, David Felipe"]
[Result "1-0"]
[WhiteElo "2045"]
[BlackElo "1820"]
[PlyCount "93"]
[EventDate "2017.11.12"]
[EventType "swiss"]
[EventRounds "5"]
[EventCountry "COL"]
[SourceTitle "EXT 2024"]
[Source "ChessBase"]
[SourceDate "2023.10.10"]
[SourceVersion "1"]
[SourceVersionDate "2023.10.10"]
[SourceQuality "1"]

1. Nf3 e6 2. d4 Ne7 3. g3 d6 4. Bg2 c6 5. c4 Ng6 6. Nc3 Be7 7. h4 Bf6 8. e4 Na6 9. Qe2 e5 10. h5 Ne7 11. dxe5 dxe5 12. Be3 Bg4 13. h6 Qc7 14. a3 Rd8 15. 0-0 0-0 16. hxg7 Kxg7 17. Rac1 h5 18. Qc2 Ng6 19. Nh2 Rh8 20. Nxg4 hxg4 21. Qe2 Rdg8 22. Qxg4 Kf8 23. Qf3 Bh4 24. Rfd1 Qe7 25. b4 Nc7 26. Bc5 Qxc5 27. bxc5 Ne6 28. Rd7 Rg7 29. Rxb7 Kg8 30. Rb8+ Nef8 31. Rd1 Rh6 32. Rd7 Be7 33. Rxa7 Bxc5 34. Raa8 Kh7 35. Qf5 Kg8 36. Kf1 Bd4 37. Nd1 Bc5 38. Ne3 Rgh7 39. Ng4 Kg7 40. Nxh6 Rxh6 41. Bf3 Bd4 42. Bh5 Rh7 43. Bxg6 Nxg6 44. Qg5 Rh2 45. Rg8+ Kh7 46. Rh8+ Nxh8 47. Qg8+ 1-0

[Event "Pasto Preseleccion Narino"]
[Site "Pasto"]
[Date "2017.11.12"]
[Round "2.1"]
[White "Silva Alvarez, Harold Otto"]
[Black "Barreiro Jurado, Frank"]
[Result "1/2-1/2"]
[WhiteElo "1834"]
[BlackElo "2045"]
[PlyCount "71"]
[EventDate "2017.11.12"]
[EventType "swiss"]
[EventRounds "5"]
[EventCountry "COL"]
[SourceTitle "EXT 2024"]
[Source "ChessBase"]
[SourceDate "2023.10.10"]
[SourceVersion "1"]
[SourceVersionDate "2023.10.10"]
[SourceQuality "1"]

1. e4 d6 2. Nf3 Nf6 3. Nc3 g6 4. d4 c6 5. h3 Bg7 6. Be3 Qa5 7. Bd3 Nbd7 8. 0-0 0-0 9. Qd2 e5 10. dxe5 Nxe5 11. Nxe5 dxe5 12. Nd5 Qxd2 13. Nxf6+ Bxf6 14. Bxd2 Be6 15. Bc3 Bg7 16. Rad1 Rfd8 17. b3 g5 18. Bb4 Bf8 19. Bxf8 Kxf8 20. Rd2 Ke7 21. Rfd1 Rd6 22. Kf1 Rad8 23. Ke2 h5 24. Ke3 h4 25. Be2 Rxd2 26. Rxd2 Rxd2 27. Kxd2 Kd6 28. Kc3 a5 29. a3 b6 30. Bc4 f5 31. Bxe6 Kxe6 32. f3 b5 33. Kd3 f4 34. c4 Kd6 35. cxb5 cxb5 36. b4 1/2-1/2

[Event "Pasto Region Interclubes Narino"]
[Site "Pasto"]
[Date "2017.08.21"]
[Round "4.2"]
[White "Barragan Cruz, Eduardo"]
[Black "Barreiro Jurado, Frank"]
[Result "1/2-1/2"]
[WhiteElo "1865"]
[BlackElo "2058"]
[PlyCount "109"]
[EventDate "2017.08.20"]
[EventType "swiss"]
[EventRounds "5"]
[EventCountry "COL"]
[SourceTitle "EXT 2024"]
[Source "ChessBase"]
[SourceDate "2023.10.10"]
[SourceVersion "1"]
[SourceVersionDate "2023.10.10"]
[SourceQuality "1"]

1. e4 c5 2. Nf3 a6 3. d4 cxd4 4. Nxd4 d6 5. Nc3 Nf6 6. h3 g6 7. Bc4 Bg7 8. 0-0 0-0 9. Re1 Qc7 10. Bb3 Nc6 11. Nf3 Na5 12. Nd5 Nxd5 13. exd5 Nxb3 14. axb3 h6 15. c3 b5 16. Qe2 Re8 17. Bf4 Bb7 18. Qd2 Kh7 19. b4 Qc4 20. Rad1 a5 21. bxa5 Rxa5 22. Bxd6 b4 23. Bxb4 Rxd5 24. Qe3 e6 25. Rxd5 Qxd5 26. Qd2 Qc6 27. Rd1 Ra8 28. Qd7 Ra1 29. Qd3 Qa4 30. b3 Qa8 31. Rxa1 Qxa1+ 32. Kh2 Qb2 33. Nd2 Be5+ 34. Kg1 Qc1+ 35. Nf1 Qg5 36. f3 Qf6 37. Kf2 Bc6 38. Ba5 Qh4+ 39. Ke2 Qe7 40. c4 Qc5 41. b4 Qg1 42. Ne3 Qa1 43. Ng4 Qa2+ 44. Ke3 Bg7 45. Nf2 h5 46. g3 Bh6+ 47. f4 h4 48. g4 Bxf4+ 49. Kxf4 Qxf2+ 50. Ke5 Qh2+ 51. Kd4 Qf2+ 52. Ke5 Qa7 53. Bd8 Qb8+ 54. Qd6 Qa8 55. Kf6 1/2-1/2

[Event "Pasto Region Narino"]
[Site "Pasto"]
[Date "2017.05.29"]
[Round "5.2"]
[White "Barreiro Jurado, Frank"]
[Black "Ortega Moran, Helmer Andres"]
[Result "1/2-1/2"]
[WhiteElo "2089"]
[BlackElo "1858"]
[PlyCount "90"]
[EventDate "2017.05.28"]
[EventType "swiss"]
[EventRounds "6"]
[EventCountry "COL"]
[SourceTitle "EXT 2024"]
[Source "ChessBase"]
[SourceDate "2023.10.10"]
[SourceVersion "1"]
[SourceVersionDate "2023.10.10"]
[SourceQuality "1"]

1. Nf3 Nf6 2. d4 g6 3. g3 Bg7 4. Bg2 0-0 5. 0-0 d6 6. c4 c5 7. Nc3 Nbd7 8. d5 Rb8 9. h3 a6 10. a4 Ne5 11. Nxe5 dxe5 12. e4 Bd7 13. Qb3 b6 14. Be3 Ne8 15. a5 Nd6 16. axb6 Rxb6 17. Qa2 Qc7 18. Rfb1 Rfb8 19. Na4 Bxa4 20. Qxa4 Rb4 21. Qxa6 Nxc4 22. Bc1 Nxb2 23. Bf1 c4 24. Bxb2 c3 25. Rc1 Rxb2 26. Qd3 Qc5 27. Qf3 R8b3 28. Ra8+ Bf8 29. Kg2 c2 30. Qe2 Rc3 31. Qd2 Kg7 32. Ba6 Qd4 33. Qe1 f5 34. Rc8 Rxc8 35. Bxc8 fxe4 36. Be6 Qd3 37. Bg4 Qxd5 38. Qc3 e3+ 39. Bf3 Qd4 40. Qxe3 Qxe3 41. fxe3 Kf6 42. Be4 Bh6 43. Rxc2 Rxc2+ 44. Bxc2 Bxe3 45. Kf3 Bd4 1/2-1/2

[Event "Pasto Region Narino"]
[Site "Pasto"]
[Date "2017.05.29"]
[Round "6.2"]
[White "Guayara Diaz, William Alonso"]
[Black "Barreiro Jurado, Frank"]
[Result "1-0"]
[WhiteElo "1934"]
[BlackElo "2089"]
[PlyCount "117"]
[EventDate "2017.05.28"]
[EventType "swiss"]
[EventRounds "6"]
[EventCountry "COL"]
[SourceTitle "EXT 2024"]
[Source "ChessBase"]
[SourceDate "2023.10.10"]
[SourceVersion "1"]
[SourceVersionDate "2023.10.10"]
[SourceQuality "1"]

1. e4 d6 2. d4 Nf6 3. Nc3 g6 4. Nf3 c6 5. Be2 Bg7 6. 0-0 0-0 7. h3 e5 8. dxe5 dxe5 9. Qxd8 Rxd8 10. Bg5 Re8 11. Rfd1 h6 12. Be3 Nbd7 13. Bc4 Bf8 14. a3 Nc5 15. Ne2 Ne6 16. Nd2 Ng5 17. f3 Be6 18. Bxe6 Nxe6 19. b4 a5 20. c3 axb4 21. axb4 Red8 22. Kf2 Bg7 23. Ke1 Nh5 24. g3 f5 25. Bb6 Rxa1 26. Rxa1 Rd3 27. exf5 gxf5 28. g4 fxg4 29. hxg4 Nhf4 30. c4 Ng2+ 31. Kd1 Ne3+ 32. Bxe3 Rxe3 33. Ra7 Ng5 34. Ng1 e4 35. fxe4 Nxe4 36. Nxe4 Rxe4 37. Rxb7 Rxg4 38. Nf3 Rxc4 39. b5 cxb5 40. Rxb5 Ra4 41. Ke2 Ra2+ 42. Ke3 Ra3+ 43. Kf4 Ra4+ 44. Kg3 Ra3 45. Rb7 Kh7 46. Kg4 Rc3 47. Nh4 Rc4+ 48. Kh5 Kg8 49. Rd7 Be5 50. Nf5 Rc6 51. Rb7 Rf6 52. Kg4 Bb2 53. Rd7 Kh8 54. Rd6 h5+ 55. Kg5 Rf7 56. Kg6 Rf8 57. Rd7 Kg8 58. Nh6+ Kh8 59. Rh7# 1-0

[Event "Pasto Region Narino"]
[Site "Pasto"]
[Date "2017.05.29"]
[Round "4.1"]
[White "Maya Serrato, Dylan David"]
[Black "Barreiro Jurado, Frank"]
[Result "1-0"]
[WhiteElo "1743"]
[BlackElo "2089"]
[PlyCount "71"]
[EventDate "2017.05.28"]
[EventType "swiss"]
[EventRounds "6"]
[EventCountry "COL"]
[SourceTitle "EXT 2024"]
[Source "ChessBase"]
[SourceDate "2023.10.10"]
[SourceVersion "1"]
[SourceVersionDate "2023.10.10"]
[SourceQuality "1"]

1. d4 Nf6 2. Nf3 d5 3. Bf4 Bf5 4. e3 c6 5. c4 e6 6. Qb3 Qb6 7. c5 Qxb3 8. axb3 Nbd7 9. Nc3 a6 10. b4 Rc8 11. h3 h6 12. Nd2 g5 13. Bh2 Bg7 14. Nb3 Ne4 15. Na5 0-0 16. f3 Nxc3 17. bxc3 Rb8 18. Bxb8 Rxb8 19. Kd2 e5 20. Bd3 Be6 21. g4 Bf6 22. Rhe1 Kg7 23. Bf5 Nf8 24. Kd3 exd4 25. cxd4 Bd8 26. e4 Bf6 27. Re2 Ng6 28. Bxg6 Kxg6 29. Rae1 Bd8 30. Rf1 Bc7 31. Rfe1 Bg3 32. exd5 Bxe1 33. dxe6 Bxb4 34. e7 Bxa5 35. e8Q Rxe8 36. Rxe8 1-0

[Event "Pasto Region Narino"]
[Site "Pasto"]
[Date "2017.05.28"]
[Round "3.1"]
[White "Barreiro Jurado, Frank"]
[Black "Barragan Cruz, Eduardo"]
[Result "1-0"]
[WhiteElo "2089"]
[BlackElo "1853"]
[PlyCount "54"]
[EventDate "2017.05.28"]
[EventType "swiss"]
[EventRounds "6"]
[EventCountry "COL"]
[SourceTitle "EXT 2024"]
[Source "ChessBase"]
[SourceDate "2023.10.10"]
[SourceVersion "1"]
[SourceVersionDate "2023.10.10"]
[SourceQuality "1"]

1. Nf3 Nf6 2. d4 g6 3. g3 Bg7 4. Bg2 c6 5. 0-0 0-0 6. c4 d6 7. Nc3 Nbd7 8. e4 e5 9. h3 Nh5 10. Be3 Re8 11. Qb3 exd4 12. Nxd4 Nc5 13. Qc2 a5 14. Rfd1 Qe7 15. Rd2 Nf6 16. f3 Nh5 17. Bf2 Bxd4 18. Rxd4 Qg5 19. h4 Qe7 20. Rad1 g5 21. hxg5 Qxg5 22. Ne2 Ne6 23. Rxd6 Kh8 24. Qc3+ Nhg7 25. f4 Qg4 26. Qf3 h5 27. Qxg4 hxg4 1-0

[Event "Medellin Flores op 23rd"]
[Site "Medellin"]
[Date "2016.08.06"]
[Round "6"]
[White "Barreiro Jurado, Frank"]
[Black "Lora, Joel Fernando"]
[Result "0-1"]
[WhiteElo "2104"]
[BlackElo "2228"]
[PlyCount "127"]
[EventDate "2016.08.03"]
[EventType "swiss"]
[EventRounds "9"]
[EventCountry "COL"]
[SourceTitle "CBM 173 Extra"]
[Source "ChessBase"]
[SourceDate "2016.08.29"]
[SourceVersion "1"]
[SourceVersionDate "2016.08.29"]
[SourceQuality "1"]

1. Nf3 Nf6 2. c4 c5 3. g3 d5 4. cxd5 Nxd5 5. Bg2 Nc6 6. 0-0 Nc7 7. b3 e5 8. d3 Be7 9. Bb2 f6 10. Nbd2 Be6 11. Rc1 Qd7 12. Ne4 Na6 13. Ba3 b6 14. Bb2 0-0 15. Qd2 Rac8 16. Rfd1 Rfd8 17. h4 Nab4 18. Ba1 Nd4 19. Qb2 a5 20. Nc3 Nd5 21. Rd2 Nxc3 22. Rxc3 c4 23. Rxc4 Bxc4 24. bxc4 Bb4 25. Nxd4 exd4 26. Rd1 Bc5 27. Rb1 Qe7 28. Bf3 a4 29. Qd2 a3 30. Qf4 Qe5 31. Qg4 f5 32. Qg5 h6 33. Qd2 Qe7 34. Kg2 Rf8 35. Qf4 g5 36. hxg5 hxg5 37. Bd5+ Kh7 38. Rh1+ Kg6 39. Qf3 Rh8 40. g4 Rxh1 41. Qxf5+ Kg7 42. Qxc8 Rh8 43. Qc6 Rf8 44. Bf3 Rf6 45. Qd5 Rd6 46. Qf5 Qf6 47. Qe4 Re6 48. Qd5 Rd6 49. Qa8 Qd8 50. Qb7+ Rd7 51. Qe4 Bb4 52. Qe5+ Qf6 53. Qb5 Qe7 54. Qxb6 Bc3 55. Be4 Qf6 56. Qb1 Qf4 57. Bf5 Re7 58. e3 Qd6 59. exd4 Qxd4 60. Bxc3 Qxc3 61. Qh1 Qf6 62. Qc1 Ra7 63. Qe3 Re7 64. Qc5 0-1

[Event "Pasto Escuela de Futuros Maestros I"]
[Site "Pasto"]
[Date "2015.12.05"]
[Round "3.2"]
[White "Finley Rosero, Karol Valentina"]
[Black "Barreiro Jurado, Frank"]
[Result "0-1"]
[WhiteElo "1601"]
[BlackElo "2116"]
[PlyCount "50"]
[EventDate "2015.12.05"]
[EventType "tourn"]
[EventRounds "9"]
[EventCountry "COL"]
[SourceTitle "EXT 2024"]
[Source "ChessBase"]
[SourceDate "2023.10.10"]
[SourceVersion "1"]
[SourceVersionDate "2023.10.10"]
[SourceQuality "1"]

1. e4 c5 2. Nf3 d6 3. d4 cxd4 4. Nxd4 Nf6 5. Nc3 Nc6 6. Be3 g6 7. f3 Bg7 8. Qd2 0-0 9. Bc4 Nxd4 10. Bxd4 Be6 11. Bb3 Qa5 12. Bxe6 fxe6 13. 0-0-0 Rfc8 14. a3 Rc6 15. Ne2 Qxd2+ 16. Rxd2 Bh6 17. f4 Nxe4 18. Rd3 Rac8 19. c3 e5 20. Bg1 exf4 21. Kc2 e5 22. g3 fxg3 23. Nxg3 Nxg3 24. hxg3 Bf8 25. Be3 a6 0-1

[Event "Pasto City-ch"]
[Site "Pasto"]
[Date "2015.11.14"]
[Round "3"]
[White "Barreiro Jurado, Frank"]
[Black "Benavides, Christian Camilo"]
[Result "1-0"]
[WhiteElo "2104"]
[BlackElo "1892"]
[PlyCount "35"]
[EventDate "2015.11.14"]
[EventType "tourn"]
[EventRounds "9"]
[EventCountry "COL"]
[SourceTitle "CBM 169 Extra"]
[Source "ChessBase"]
[SourceDate "2015.12.18"]
[SourceVersion "1"]
[SourceVersionDate "2015.12.18"]
[SourceQuality "1"]

1. e4 d6 2. d4 g6 3. Nf3 Bg7 4. Bc4 Nf6 5. Nc3 0-0 6. 0-0 Nbd7 7. e5 dxe5 8. dxe5 Ng4 9. e6 Nde5 10. exf7+ Kh8 11. Qxd8 Rxd8 12. Nxe5 Nxe5 13. Bb3 e6 14. Bf4 Nxf7 15. Bxc7 Rf8 16. Rad1 e5 17. Bxf7 Rxf7 18. Rd8+ 1-0